000 00620nam a22002297a 4500
003 UA-OsUOA
001 96667
007 ta
008 20130320b un ||||| |||| 00| 0 ukr d
100 _aЛацис О.
090 _a821.161
_bЛ30
942 _cBK
040 _aUA-OsUOA
_brus
_cUA-OsUOA
_dUA-OsUOA
245 _aВыйти из квадрата
_bзаметки экономиста
300 _a416 с.
955 _a3
041 _arus
080 _a821.161
260 _aМ.
_bПолитиздат
_c1989
650 7 _a82 Література. Літературознавство
_2UDC
999 _c382846
_d382846